[Event "SRB-chT"]
[Site "Vrnjacka Banja"]
[Date "2012.10.02"]
[Round "5.3"]
[White "Rusev, Krasimir"]
[Black "Atalik, Suat"]
[Result "0-1"]
[WhiteElo "2544"]
[BlackElo "2603"]
[Annotator "Atalik,S"]
[PlyCount "116"]
[EventDate "2012.09.29"]
[EventType "team-tourn"]
[EventRounds "11"]
[EventCountry "SRB"]
[SourceTitle "CBM 151"]
[Source "ChessBase"]
[SourceDate "2012.11.13"]
[SourceVersion "1"]
[SourceVersionDate "2012.11.13"]
[SourceQuality "1"]
[WhiteTeam "Pozega"]
[BlackTeam "Paracin"]
[WhiteTeamCountry "SRB"]
[BlackTeamCountry "SRB"]

1. Nf3 Nf6 2. c4 g6 3. Nc3 d5 {Grünfeld forever.} 4. cxd5 Nxd5 5. e4 {I knew
that he could go for this drawish line.} Nxc3 6. dxc3 Qxd1+ 7. Kxd1 f6 8. Be3
e5 9. Kc2 (9. Nd2 Nd7 (9... Be6 10. Bc4 Kf7 11. Kc2 Nd7 12. b4 a5 13. a3 Be7
$11) 10. Bc4 Bc5 11. Ke2 $11 {is another line.}) 9... Nd7 $1 {If Black wants
to try anything this is supposed to be the move.} (9... Be6) 10. Bc4 (10. Rd1
Nb6 (10... Nc5 11. Nd2 Bd7 12. f3 h5 13. Bc4 Ne6 $13) (10... Bc5 11. Rxd7 Bxe3
12. Rxc7 Bb6 13. Bb5+ Kf8 14. Rc4 Ke7 15. Rf1 a6 16. Ra4 Rb8 17. Bc4 Bd7 18.
Ra3 Rhd8 $44) 11. Nd2 Be6 {was of course tried by Ivan.}) (10. Nd2 Bc5 11. Bxc5
Nxc5 12. b4 Ne6 {also gives chances for Black.}) 10... Bc5 11. Bh6 $6 {This
ambitious move has been tried by many people. White changes his mind in some
way.} (11. Bxc5 Nxc5 12. Nd2 Ke7 $11) 11... Ke7 $1 (11... Bf8 $11) 12. b4 Bd6
$1 {The bishop shuts the d-file.} (12... Bxf2 13. Rhf1 Bb6 14. g4 $44) 13. Bb3
a5 (13... c5 $5 14. a3 Nb6 15. Nd2 Bd7 {is another way.}) 14. a3 b5 (14... c5
15. bxa5 (15. b5 Nb6 16. Nd2 (16. a4 c4 17. Ba2 Bc5) 16... a4 17. Ba2 Be6 18.
Bxe6 Kxe6 19. c4 Rhd8 20. Be3 Be7 $36) 15... Rxa5) 15. Bd5 Ra6 16. a4 $5 (16.
Be3 c6 17. Bb3 Bb7 18. Nd2 c5 $40) 16... bxa4 (16... axb4 17. axb5 Rxa1 18.
Rxa1 bxc3 19. Be3) 17. b5 Ra7 18. Ne1 $1 (18. Be3 Bc5) 18... Bb7 19. Nd3 Nb6 (
19... Bxd5 20. exd5 Nb6 21. Be3 a3 22. c4 e4 23. c5 exd3+ 24. Kxd3 Rb7 25.
cxd6+ Kxd6 26. Rxa3 Nxd5 27. Rxa5 Nxe3 28. fxe3 $15) 20. Bxb7 ({He could still
transform the game into} 20. Be3 Bxd5 21. exd5 a3 $15) 20... Rxb7 21. Be3 a3
22. Bc1 (22. Nc5 Rbb8 23. Kb3 c6 $1 $17) 22... Ra8 $1 {A very important move
in the game.} (22... Nc4 $6 23. Kb3 Nb2 24. Bxb2 Rxb5+ 25. Kc2 axb2 26. Nxb2
Ra8 27. Ra4 $15) 23. Bxa3 Nc4 24. Bxd6+ Nxd6 25. Ra4 Rxb5 $17 26. Rha1 $6 {
This makes White's job easier.} (26. c4 Rbb8 $1 (26... Rb6 $6 27. c5 Rc6 28.
Rb1 $132) (26... Rb7 27. f3) 27. f3 Rd8 28. Nc5 Nc8 29. Nb7 Nb6 30. Raa1 Rd4
31. Nxa5 Ke6 32. Kc3 Rad8 $17) 26... Rd8 (26... Nb7 27. Nb4 Kf7 $17) 27. c4
Rbb8 $1 (27... Rb6 28. c5 Rc6 29. Rb1 $132) 28. f3 $2 $138 {This is the real
mistake.} (28. Rxa5 Nxe4 29. Ra7 Rd7 (29... Rbc8 $2 30. f3 Nd6 31. Nb4 Ke6 32.
R1a6 $132) (29... Rdc8 $2 30. f4 $132) 30. f3 Nd2 31. Kxd2 Rb3 32. Ke2 Rbxd3
33. Rxc7 Rd2+ 34. Ke3 Rxg2 35. Rxd7+ Kxd7 36. Ra7+ Ke6 37. Rxh7 f5 $15 {
I still have some hopes in this rook endgame.} 38. f4 exf4+ (38... e4 $5 39.
Rh6 Kf6 40. c5 Rg1 (40... Rc2 41. Kd4 Rd2+ 42. Kc3) 41. Kd2 (41. Kd4 $2 Rd1+
$19) 41... Ke6 42. h4 Kd5 43. h5 gxh5 44. Rxh5 Kd4 45. Rxf5 e3+ 46. Ke2 Rg2+
47. Kf3 Rf2+ 48. Kg3 $11) 39. Kxf4 Rg4+ 40. Kf3 Rxc4 $15 {is defendable but he
still has to be careful.}) (28. Nc5 $2 Rb6 $19) 28... Nb7 29. Nc1 Rd6 30. Rb1
Rb6 31. Rb5 Nd6 32. Rc5 (32. Rb3 Rb4 $17) 32... Rb2+ $138 {I lost some time} ({
calculating} 32... c6 $2 33. Rcxa5 Rb2+ 34. Kc3 Rxg2 35. Ra7+ $132) 33. Kc3
R8b7 $5 ({Possibly even better is} 33... Kd7 $142 $19) 34. Rxc7+ Rxc7 35. Kxb2
Nxc4+ 36. Kb1 (36. Ka1 $4 Nb6 $19) 36... Rb7+ 37. Ka1 Ne3 38. Ra2 a4 ({My
technique almost betrayed me since} 38... Rc7 $142 39. Nd3 Rc3 40. Rd2 Nc4 41.
Rd1 Rc2 $19 {is simpler.}) 39. Re2 (39. Nd3 Rd7 $19 (39... a3 $5 {was what I
had intended.})) 39... Rc7 40. Rxe3 $1 {I failed to see that this is the only
move.} (40. Kb1 Rc3 41. Kb2 Nd1+ 42. Kb1 Re3 43. Rc2 Nc3+ 44. Kb2 Nb5 45. Rc5
a3+ $19) 40... Rxc1+ 41. Kb2 Rd1 $1 42. Kc2 Rg1 $1 ({I took into consideration
his counterplay.} 42... Rh1 43. h3 Rh2 44. Re2 h5 45. Kc3 h4 46. Kb4 Kf7 47.
Kxa4 Kg7 48. Kb5 Kh6 49. Kc6 Kg5 50. Kd6 Kf4 51. Ke6 Kg3 52. Kxf6 Rxg2 53.
Rxg2+ Kxg2 54. Kxe5 Kxh3 55. f4 Kg4 56. f5 gxf5 57. exf5 h3 $11) 43. Re2 h5 {
I think this is safer} ({than} 43... Kd6 44. Kc3 Kc5 45. Rd2 Rc1+ 46. Kb2 Rh1
47. Ka3 Kc4 48. h3 Ra1+ 49. Kb2 Rg1 50. Ka3 f5 51. Rd5 Rxg2 52. Rxe5 Rg3 $19)
44. Kc3 Rc1+ (44... h4 45. Ra2 h3 46. gxh3 Rf1 47. Rxa4 Rxf3+ 48. Kc4 g5 $19)
45. Kb4 Ra1 {Even if he played the best moves he would have lost due to his
king which should be cut off from the third rank.} 46. Rc2 ({I expected} 46. h4
$5 a3 (46... Rh1 47. Kxa4 Rxh4 48. Kb5 Rh2 49. Ra2 g5 50. Kc4 Kf7 51. Kd3 Kg6
52. Ke3 h4 53. Rf2 Kh5 54. Ra2 g4 55. fxg4+ Kxg4 56. Rf2 Kg3 57. Rxf6 Kxg2 58.
Rg6+ (58. Rf2+ Kg1 59. Rf5 Rh3+ 60. Ke2 Rg3 61. Rf1+ Kg2 62. Rf2+ Kh3 63. Rf5
Kg4 $19) 58... Kf1 59. Rg5 (59. Rh6 h3 60. Kd3 (60. Kf3 Rf2+ 61. Kg3 h2 $1 $19)
60... Ra2 $19) 59... Rh3+ 60. Kd2 Rg3 61. Rxe5 h3 $19) 47. Kb3 g5 48. hxg5 fxg5
49. Rc2 g4 50. fxg4 hxg4 51. Re2 Kd6 52. Rd2+ Ke6 53. Re2 Ke7 54. Re3 Kf6 55.
g3 Ke7 56. Kb4 a2 57. Kb3 Rf1 58. Kxa2 Rf3 59. Ra3 Kd6 $19) 46... g5 47. h3 Kf7
(47... Kd7 48. Rd2+ Ke6 49. Rc2) 48. Kc3 Rd1 $1 49. Ra2 Rd4 50. g4 (50. Rf2 Kg6
51. Rf1 g4 52. hxg4 hxg4 53. Rb1 Kg5 54. Rb6 a3 55. Ra6 a2 56. fxg4 Kxg4 57.
Rxa2 Rxe4 58. Kd3 Rd4+ 59. Ke2 Kg3 60. Kf1 Rd1+ 61. Ke2 Rg1 $19) 50... h4 ({
Even} 50... Rd1 {wins} 51. gxh5 Rf1 52. Rxa4 Rxf3+ 53. Kc4 Rxh3 54. Ra7+ Kg8
55. Kd5 Rxh5 56. Ke6 Rh7 $1 $19) 51. Ra1 Ke6 $22 52. Kc2 (52. Rb1 Rd6 53. Ra1
Ra6 54. Kc4 Ra8 55. Ra3 Kd6 56. Kb5 Rb8+ 57. Kc4 Rc8+ 58. Kb5 Rc2 59. Rxa4 Rc3
60. Ra6+ Ke7 61. Ra7+ Ke6 $19) 52... Rb4 {By playing a little bit faster than
I should have} ({I missed an immediate win.} 52... Rc4+ $142 53. Kd3 Rb4 $19)
53. Ra3 Kd6 54. Rc3 Rb6 $1 55. Ra3 Ra6 56. Rd3+ (56. Rc3 Rc6 $19) 56... Kc5 57.
Rd5+ Kc4 58. Kb2 Rb6+ 0-1

[Event "Paracin GM"]
[Site "Paracin"]
[Date "2018.07.15"]
[Round "3"]
[White "Raja, Rithvik R"]
[Black "Atalik, Suat"]
[Result "1/2-1/2"]
[WhiteElo "2343"]
[BlackElo "2509"]
[Annotator "Atalik,S"]
[PlyCount "80"]
[EventDate "2018.07.14"]
[EventType "tourn"]
[EventRounds "9"]
[EventCountry "SRB"]
[EventCategory "8"]
[SourceTitle "CBM 186"]
[Source "ChessBase"]
[SourceDate "2018.09.14"]
[SourceVersion "1"]
[SourceVersionDate "2018.09.14"]
[SourceQuality "1"]

1. Nf3 Nf6 2. c4 g6 3. Nc3 d5 4. cxd5 Nxd5 5. h4 $5 {The newest approach.} Nxc3
$5 (5... Bg7 6. e4) 6. dxc3 (6. bxc3 Bg7 (6... Nc6 7. h5) 7. h5 Qd5 $5 (7...
Nc6 8. e4 $1 (8. d4 Bf5)) (7... c5 {is what I did not want to play.} 8. g3 Nc6
9. Bg2 Bd7 $14) (7... Bf5 $2 8. Qb3 $1) 8. g3 Bd7 9. Bg2 Bc6 $132) 6... Qxd1+
7. Kxd1 f6 (7... h5 8. e4 (8. Bf4 f6 9. Bxc7 Na6 10. Bg3 Nc5 $1 $44) 8... f6 9.
e5 Nc6 10. Bd3 Kf7 $14) 8. e4 (8. h5 g5 9. e4 e5 (9... Nd7) 10. Be3 Nd7) 8...
e5 (8... h5 9. e5 Nc6) 9. Bc4 (9. h5 g5 10. Be3 Nd7 $132) 9... h5 10. Be3 Bh6
11. Bxh6 Rxh6 12. Kc2 Nd7 13. Nd2 Nb6 (13... a5 14. a4 Nb6) 14. Bb3 Ke7 15. a4
a5 16. Nc4 Nxc4 17. Bxc4 Bd7 $11 18. f3 Rhh8 19. Rhd1 Rhd8 20. Rd2 b6 21. b3
Be6 (21... Be8 22. Rh1) 22. Rxd8 Rxd8 23. Bxe6 Kxe6 24. Rd1 Rxd1 {I felt like
I had to go to the king and pawns ending.} (24... Rg8 25. g4 $1 $132) (24...
Rh8 25. b4 $132) 25. Kxd1 Kd6 26. b4 axb4 (26... Kc6 27. Kc2 b5 28. Kb3 (28.
bxa5 bxa4 29. c4 Kb7 30. Kc3 c5 31. Kb2 Ka6 32. Ka3 Kxa5 33. g4 $11) 28... axb4
29. cxb4 bxa4+ 30. Kxa4 Kb6 31. g4 c6 32. Ka3 Kb5 33. Kb3 $11) 27. cxb4 c5 28.
Kc2 (28. b5 $142 g5 (28... c4 $2 29. Kd2 Kc5 30. Kc3 f5 31. g3 f4 32. gxf4 exf4
33. e5 $18) 29. g3 gxh4 30. gxh4 Ke6 31. Kc2 Kd7 32. Kb3 Kc7 33. Kc4 Kd6 $11)
28... cxb4 29. Kb3 g5 (29... Kc5 30. g4 $1 hxg4 $2 (30... Kd4 $2 31. gxh5 $18)
31. fxg4 $18) (29... f5 30. Kxb4 Kc6 (30... fxe4 $2 31. fxe4) (30... f4 $2 31.
Kb5 Kc7 32. a5 bxa5 33. Kxa5 Kc6 34. Ka6 Kc5 35. Kb7 $18) 31. Kc4 Kd6 32. Kb5
Kc7 $11) 30. hxg5 fxg5 31. Kxb4 $11 Kc7 32. Kb5 Kb7 33. Kc4 Kc6 34. Kb4 Kb7 35.
Kb5 Kc7 36. Kb4 Kc6 37. Kc4 Kd6 38. Kb5 Kc7 39. Kb4 Kd6 40. Kb5 Kc7 1/2-1/2

[Event "Lasker Memorial"]
[Site "Berlin"]
[Date "2000.05.03"]
[Round "5"]
[White "Loeffler, Stefan"]
[Black "Atalik, Suat"]
[Result "0-1"]
[WhiteElo "2426"]
[BlackElo "2575"]
[Annotator "Atalik,S"]
[PlyCount "46"]
[EventDate "2000.04.29"]
[EventType "tourn"]
[EventRounds "9"]
[EventCountry "GER"]
[EventCategory "9"]
[SourceTitle "EXT 2002"]
[Source "ChessBase"]
[SourceDate "2001.11.25"]
[SourceVersion "1"]
[SourceVersionDate "2001.11.25"]
[SourceQuality "1"]

1. Nf3 Nf6 2. c4 g6 3. Nc3 d5 4. cxd5 Nxd5 5. h4 $6 Bg7 6. h5 Nc6 7. Qb3 Nb6 8.
h6 (8. hxg6 hxg6 9. Ng5 e6 10. Rxh8+ Bxh8 11. Nce4 Qd4 $17) 8... Bf6 9. Ne4 O-O
(9... Be6 $5) 10. Nxf6+ exf6 11. e3 $6 (11. d3 Bg4) 11... Be6 12. Qd1 Nb4 13.
d3 Nxa2 14. Bd2 (14. Rxa2 $2 Bxa2 15. b3 Nd5 $17 (15... Qd5 $6 16. Nd2)) 14...
a5 15. Rh4 (15. Nd4 Nb4 16. Nxe6 (16. Rxa5 Rxa5 17. Bxb4 Qa8) 16... fxe6 17. d4
$15 (17. Rxa5 $2 Rxa5 18. Bxb4 Rb5 19. Bxf8 Qxf8 $17)) 15... Nb4 16. Rd4 (16.
Bxb4 axb4 17. Rxb4 (17. Rxa8 $2 Qxa8 18. Rxb4 Qa5 19. Qd2 c5 20. Rf4 Qa1+ 21.
Ke2 Ra8 $19) 17... Qe7 $17) 16... Qe7 17. Rxa5 Nc6 $1 (17... Rxa5 18. Bxb4 c5
19. Bxa5 cxd4 20. Nxd4 Ra8 $17) 18. Rxa8 Rxa8 19. Rh4 g5 20. Rh1 g4 $19 21. Rh5
(21. Nh2 Nd4) 21... gxf3 22. Qxf3 Ra1+ 23. Ke2 (23. Bc1 Qb4+) 23... Nd4+ (23...
Nd4+ 24. exd4 Bg4+ $19) 0-1

[Event "Continental op 45'"]
[Site "Los Angeles"]
[Date "2000.07.29"]
[Round "7"]
[White "Gufeld, Eduard"]
[Black "Atalik, Suat"]
[Result "1/2-1/2"]
[WhiteElo "2443"]
[BlackElo "2549"]
[Annotator "Atalik,S"]
[PlyCount "41"]
[EventDate "2000.07.24"]
[EventType "swiss"]
[EventRounds "9"]
[EventCountry "USA"]
[SourceTitle "CBM 078"]
[Source "ChessBase"]
[SourceDate "2000.10.18"]
[SourceVersion "1"]
[SourceVersionDate "2000.10.18"]
[SourceQuality "1"]

{Big bad Gufy wants to have a positional afternoon game.} 1. g3 g6 2. Bg2 Bg7
3. Nf3 Nf6 4. O-O O-O 5. c4 d6 6. Nc3 Nc6 7. Rb1 d5 $5 (7... a5 8. a3 e5 9. d3
Nd4 {is normal.}) 8. cxd5 Nxd5 9. Re1 $146 (9. Nxd5 Qxd5 10. b3 {looks normal.}
) 9... a5 (9... Nb6 10. d3 (10. b4 $6 Bf5) 10... h6 11. Be3 e5 $13) 10. d4 Nb6
11. d5 $5 {Sac.} Nb4 (11... Bxc3 12. bxc3 Qxd5 (12... Nxd5 13. Qc2 Nb6 14. Bh6
Re8 15. Red1 Bf5 16. e4 Bd7 17. c4 $40) 13. Nd4 Qc4 $1 (13... Qxa2 14. Nxc6
bxc6 (14... Qxb1 $4 15. Nxe7+ Kg7 (15... Kh8 16. Bg5 $18) 16. Qd4+ $18) 15. Bh6
$16) 14. Nxc6 bxc6 15. Bh6 $44) 12. e4 c6 13. a3 Na6 14. dxc6 Qxd1 (14... bxc6
15. Qc2 Bg4 16. h3 Be6 (16... Bd7 17. Rd1 Qc8 18. Kh2 e5 $13) 17. Rd1 Qc8 18.
Kh2 $14) 15. Rxd1 bxc6 16. Bf1 $5 (16. Nd4 Bd7 17. e5 Rac8 18. f4 (18. Bf4 h6
$13) 18... c5 19. Nf3 Bf5 20. Ra1 Rfd8 $13) (16. Bf4 Nc4 17. Nd2 Nxa3 18. bxa3
Bxc3) 16... Bg4 17. Kg2 Nc5 (17... f5 18. Be2 (18. h3 fxe4 19. hxg4 exf3+ 20.
Kg1 Nc7) 18... Bxc3 19. bxc3 fxe4 20. Ng1 Bxe2 21. Nxe2 Nc4 $13) 18. h3 Bxf3+
19. Kxf3 Nb3 20. Be3 Rfb8 21. Bxb6 (21. Bxb6 Rxb6 22. Na4 Rbb8 23. Bc4 Nd4+ 24.
Kg2 $11) 1/2-1/2

[Event "Lasker Memorial"]
[Site "Berlin"]
[Date "2000.04.30"]
[Round "2"]
[White "Lechtynsky, Jiri"]
[Black "Atalik, Suat"]
[Result "0-1"]
[WhiteElo "2371"]
[BlackElo "2575"]
[Annotator "Atalik,S"]
[PlyCount "66"]
[EventDate "2000.04.29"]
[EventType "tourn"]
[EventRounds "9"]
[EventCountry "GER"]
[EventCategory "9"]
[SourceTitle "EXT 2002"]
[Source "ChessBase"]
[SourceDate "2001.11.25"]
[SourceVersion "1"]
[SourceVersionDate "2001.11.25"]
[SourceQuality "1"]

1. Nf3 Nf6 2. c4 g6 3. Nc3 d5 4. Qa4+ Bd7 5. Qb3 dxc4 6. Qxc4 (6. Qxb7 $2 Nc6 {
threatens 7...a6.} 7. Nb5 Nd5 8. Nbd4 (8. Na3 Bg7 9. Qa6 Nb6) 8... Nxd4 9. Nxd4
Nb6 $17) 6... Nc6 $1 (6... Bg7 $6 7. e4) 7. g3 Bg7 8. Bg2 O-O 9. d3 (9. O-O Ne8
10. d4 Nd6 $132) 9... Ne8 $1 (9... Bg4 10. O-O Bxf3 11. Bxf3 Ne5 12. Qf4 Nxf3+
13. Qxf3 $14) 10. O-O Nd6 11. Qb3 Rb8 $1 12. h3 $6 (12. Bd2 Bg4 (12... e5 13.
Rfc1 Nd4 14. Nxd4 exd4 15. Ne4 Nxe4 16. Bxe4 $11) 13. Qd1 Qd7 $13) 12... e5 13.
e3 (13. Bg5 Qc8 14. Kh2 Be6 15. Qd1 f6) 13... Be6 14. Qd1 Re8 (14... f5 15. e4)
15. Ne1 Qd7 (15... e4 $6 16. Nxe4 Nxe4 17. Bxe4 Bxh3 18. Bg2) 16. Kh2 Red8 $1 (
16... Rbd8 17. Qa4) 17. Bd2 (17. f4 exf4 18. gxf4 Nf5 19. Ne4 b6 20. Ng5 Nb4
21. Nxe6 Qxe6 $40) 17... e4 $1 $17 (17... Nc4 18. dxc4 Qxd2 19. Qxd2 Rxd2 20.
Bxc6 bxc6 21. b3 $15) 18. dxe4 $2 (18. d4 Bc4 19. Rg1 f5 $17) (18. Nxe4 Nxe4
19. Bxe4 Bxb2 20. Rb1 Bg7 21. Qa4 Bxh3 22. Rh1 Bf5 $17) 18... Nc4 19. Nd5 N6e5
$1 (19... Bxb2 $6 20. Rb1 Ne7 (20... Bg7 21. Nd3) 21. Nd3 Nxd5 22. Nxb2 Nf4 (
22... Nxb2 23. Rxb2 Nb6 24. Qf3 Nc4 25. Bc3 $1 $40) 23. Bb4 $1 (23. Bc3 Nxg2
24. Qxd7 Rxd7 25. Kxg2 Nd6 $17) 23... Nxg2 24. Qxd7 Rxd7 25. Kxg2 c5 26. Bxc5
Nd2 27. Bxa7 Ra8 28. Bd4 Nxf1 29. Rxf1 $44) 20. Bb4 (20. Bc3 c6 21. b3 cxd5 22.
bxc4 dxe4 23. Qxd7 Rxd7 24. Bxe4 Nxc4 25. Bxg7 Nd2 26. Be5 Nxf1+ 27. Kg1 Re8
$17) (20. f4 c6 21. fxe5 cxd5 22. exd5 Bxd5 23. Bc1 Bxg2 24. Qxd7 Rxd7 25. Nxg2
Bxe5 26. Rb1 Nd6 $17) 20... c6 21. Nc3 (21. Be7 cxd5 22. Bxd8 Rxd8 23. exd5
Bxd5 $19) (21. Ne7+ Kh8 22. Qxd7 Rxd7 23. f4 Nxe3 24. fxe5 Nxf1+ 25. Bxf1 Bf8
$19) 21... Qc7 (21... Qc8 22. Qc1 c5 23. Ba3 b5 24. Nd5 Bxd5 25. exd5 b4 26. f4
bxa3 27. b3 Nxe3 28. Qxe3 Ng4+ 29. hxg4 Bxa1 30. Nd3 Bd4 $17) (21... Nxb2 22.
Qc2 Ned3 23. Nxd3 Nxd3 24. Ba3 b5 $19) 22. Qc1 Qb6 (22... c5 23. Ba3 b5 24. Nd5
Bxd5 25. exd5 b4 26. f4 bxa3 27. b3 Nxe3 28. Qxe3 Ng4+ 29. hxg4 Bxa1 30. Nc2
Re8 31. Qf3 Bb2 $17) 23. a3 (23. Ba3 Nxa3 24. bxa3 Qa5 $19) (23. Be7 Rd7 24.
Bg5 Qxb2 $19) 23... a5 $5 (23... c5 $2 24. Na4) (23... Nd2 24. Na4 Nxf1+ 25.
Bxf1 Qc7 26. Nc5 Bc8 $19) 24. Na4 (24. Be7 Rd7 25. Na4 Qb5 26. Nc3 Qxb2 $19)
24... Qb5 25. Nc3 Qa6 26. Bc5 Nd2 $19 27. Bd4 Nxf1+ 28. Kg1 Nd2 29. Qxd2 c5 30.
Nd5 cxd4 31. exd4 Nc4 32. Qc3 Bxd5 33. exd5 Nb6 0-1

[Event "Groningen op"]
[Site "Groningen"]
[Date "1998.12.21"]
[Round "3"]
[White "Miton, Kamil"]
[Black "Atalik, Suat"]
[Result "1/2-1/2"]
[WhiteElo "2415"]
[BlackElo "2585"]
[Annotator "Atalik,S"]
[PlyCount "116"]
[EventDate "1998.12.??"]
[EventType "swiss"]
[EventRounds "11"]
[EventCountry "NED"]
[SourceTitle "EXT 2002"]
[Source "ChessBase"]
[SourceDate "2001.11.25"]
[SourceVersion "1"]
[SourceVersionDate "2001.11.25"]
[SourceQuality "1"]

1. c4 e5 2. Nc3 Nf6 3. a3 {A dubious move by Polish prodigy.Now black is not
supposed to put his knight on c6.} (3. Nf3 $142 Nc6 4. a3 $5) 3... d6 4. g3 g6
5. Bg2 Bg7 6. d3 O-O 7. Nf3 Re8 8. O-O c6 (8... e4 $5 9. dxe4 Nxe4 10. Nxe4
Rxe4 11. Ng5 (11. Qc2 Bf5 12. Ng5 Re8 13. Qb3 Nd7 14. Qxb7 Rb8 15. Qd5 Qe7 $44)
11... Re7 (11... Rd4 $6 12. Qb3) 12. Ne4 Qe8 13. Nc3 Bxc3 14. bxc3 Rxe2 $13) 9.
Nd2 $1 Nbd7 (9... d5 $6 10. cxd5 cxd5 11. Qb3 d4 12. Nce4 Nc6 13. Nxf6+ Qxf6
14. Ne4 Qe6 (14... Qe7 $2 15. Bg5) 15. Qxe6 Rxe6 (15... Bxe6 $2 16. Nd6 $18)
16. Bd2 $16) 10. Nde4 Nxe4 11. Nxe4 $1 (11. dxe4 {appealed to me more in the
game.<->d.} Qe7 12. b3 a6 $1 $36) 11... Qe7 12. Nc3 h6 13. Rb1 (13. b4 a6 14.
Rb1 Nf6 {would have trnsposed to the game.}) 13... Nf6 14. b4 a6 15. a4 Be6 16.
a5 $1 (16. b5 axb5 17. axb5 d5 18. bxc6 bxc6 19. cxd5 cxd5 $15 {with so many
pieces out black should be better.}) 16... d5 17. cxd5 Nxd5 (17... cxd5 18. Na4
d4 (18... e4 19. Nc5 Bf5 $15) (18... Nd7 19. Bd2) (18... Rac8 19. Nc5 Bf5 20.
e4 dxe4 21. dxe4 Rcd8 22. Qb3 Bc8 $14) 19. Nb6 (19. Nc5 Bd5) 19... Rad8 $15)
18. Na4 Rad8 19. Bd2 Nc7 20. Qc1 Kh7 21. Nc3 Bd5 $5 22. Be3 (22. Nxd5 cxd5 $15
(22... Nxd5 $5)) 22... Bxg2 23. Kxg2 Nd5 24. Ne4 f5 25. Nc5 Nf6 (25... e4 26.
dxe4 fxe4 (26... Nxe3+ $6 27. fxe3 fxe4 28. Rf4) 27. Qc4 $1 (27. Qc2 Bc3 28.
Rfd1 Qg7 $1 (28... Nxe3+ 29. fxe3 Rxd1 30. Qxd1 Rd8 31. Qc2 Bd2 32. Qxe4 Qxe4+
33. Nxe4 Bxe3 34. Kf3 Ba7 35. Nc5 $14) 29. Nxe4 Nxe3+ 30. fxe3 Rxd1 31. Rxd1
Bxb4 32. Rd7 Re7 $17) 27... Rd6 $15) 26. Qc4 Rd5 (26... g5 27. h4) 27. Rbd1
Red8 (27... Qf7 $142) 28. Na4 $1 Re8 (28... Nd7 29. Bc5 (29. Nc3 Rd6 30. Bc5 $2
Nxc5 31. bxc5 Rd4) 29... Nxc5 30. Nxc5 e4 31. e3 exd3 32. Rxd3 Rxd3 33. Nxd3
Rd5 34. Nc5 Be5 35. Re1 Rd2 $1 (35... Bd6 $6 36. e4 Bxc5 37. exd5 Qxe1 38. Qxc5
(38. bxc5 $11) 38... Qe4+ 39. Kg1 Qxd5 40. Qe7+ Kg8 41. Qxb7 Qc4 42. Qe7 $14)
36. Re2 $11) 29. Bc5 Qe6 30. Be3 $6 (30. Nb6 Rdd8) (30. e4 $1 Rdd8 (30... fxe4
$2 31. dxe4 Rxd1 32. Qxe6 Rxe6 33. Rxd1 Kg8 $8 (33... Nxe4 $2 34. Rd7 $18) 34.
f3 (34. Nb6) (34. Bb6 Bf8) 34... Kf7 $14) 31. Qxe6 Rxe6 32. f3 $13) 30... Bf8
31. Nc5 Bxc5 32. bxc5 (32. Bxc5 e4 $40) 32... Rd7 33. Qxe6 (33. Qh4 Ng8) 33...
Rxe6 34. Rb1 Nd5 35. Rb3 $8 g5 36. Rfb1 Ree7 37. Bc1 Kg6 38. f3 e4 $1 (38... f4
39. g4 h5 40. h3 hxg4 41. hxg4 Nf6 42. Bb2 Ng8 $11) (38... h5 $15) 39. dxe4
fxe4 40. Kf2 $1 Nf6 $2 (40... exf3 41. exf3 Nf6 $17) 41. Bb2 exf3 42. Bxf6 Kxf6
43. Kxf3 $8 Rd5 (43... Ke5 44. g4 $1 (44. Rc1 h5 $1 $17 (44... Rf7+ 45. Ke3 Rd4
46. Rcb1 Re4+ 47. Kd2 Rf2 48. Re3 Rxh2 49. Rxb7 Rxe3 50. Kxe3 Kd5 51. Rb6 Kxc5
52. Rxa6 g4 $11)) 44... Kd4 45. Rc1 Rf7+ 46. Kg3 Rde7 47. Rd3+ Ke5 48. Rcd1) (
43... h5 $142) 44. g4 $1 (44. Rxb7 Rf5+ 45. Kg2 (45. Kg4 Re4+ 46. Kh5 (46. Kh3
g4+ 47. Kg2 Rxe2+ 48. Kg1 Rxc5 $19) 46... g4+ 47. Kxh6 (47. Kh4 Kg6 $19) 47...
Ree5 $3 $19) 45... Rxe2+ 46. Kg1 Rxc5 $17) 44... Rxc5 45. Rxb7 Rxa5 (45... Rc3+
46. Kf2 Re5 (46... Re4 47. R7b4) 47. Rh7 Rc2 $1 48. Rxh6+ Kg7 49. Rd6 Rcxe2+
50. Kf1 $11) 46. Rxe7 (46. R7b6 $2 Re6) 46... Kxe7 47. Rb7+ Kf6 (47... Kd6 48.
Rh7 Re5 49. Rxh6+ Kd5 50. h4 gxh4 51. Rxh4 a5 52. Rh8 Kd4 53. Rd8+ Rd5 54. e3+
Kc4 55. Ra8 $11) 48. Rb6 Rc5 49. Rxa6 {White offered a draw here.} Ke5 50. e3
Rc1 51. h3 Rf1+ 52. Ke2 Rf6 53. Ra5+ Ke6 (53... Ke4 54. Rc5) 54. Rc5 Kd6 55.
Ra5 Re6 56. Rf5 Re5 57. Rf6+ Re6 58. Rf5 Re5 1/2-1/2

[Event "SWE-ch"]
[Site "Linkoping"]
[Date "2001.07.11"]
[Round "11"]
[White "Akesson, Ralf"]
[Black "Barkhagen, Jonas"]
[Result "0-1"]
[WhiteElo "2463"]
[BlackElo "2456"]
[Annotator "Atlas,V"]
[PlyCount "74"]
[EventDate "2001.06.30"]
[EventType "tourn"]
[EventRounds "13"]
[EventCountry "SWE"]
[EventCategory "8"]
[SourceTitle "CBM 085"]
[Source "ChessBase"]
[SourceDate "2001.11.13"]
[SourceVersion "1"]
[SourceVersionDate "2001.11.13"]
[SourceQuality "1"]

1. Nf3 {Hecht} Nf6 2. c4 g6 3. Nc3 d5 4. cxd5 Nxd5 5. e4 Nxc3 6. dxc3 Qxd1+ 7.
Kxd1 Bg4 8. Kc2 Bxf3 9. gxf3 e6 10. Be3 Nd7 11. b4 h5 12. Rd1 Bh6 13. Bxh6 Rxh6
14. f4 h4 15. Be2 Ke7 16. h3 Rd8 17. Rd2 Rhh8 18. Rhd1 Nb6 19. Rxd8 Rxd8 20.
Rxd8 Kxd8 {Hecht: '[#] Mißglückte Verteidigungsleistung der Läuferpartei.'} 21.
Kd3 Ke7 22. Kd4 f6 23. c4 Nd7 24. c5 {'?!' Hecht.} (24. e5 $142 $11 {Hecht})
24... e5+ 25. fxe5 fxe5+ 26. Kd5 c6+ 27. Kc4 Nf6 28. Bf3 g5 29. Kd3 g4 $1 {
[%cal Gh4h1] Opening the way for the h-pawn.} 30. hxg4 ({Or} 30. Bg2 gxh3 31.
Bxh3 Nh7 {/\Ng5}) 30... Nh7 $1 31. Ke3 Kf6 32. Be2 Kg5 33. Kf3 (33. f3 {Hecht}
h3 34. Kf2 Kf4 35. a4 Ng5 36. a5 Ne6 $11 (36... h2 $6 {Hecht} 37. Kg2 Ke3 38.
a6 bxa6 39. Bxa6 Nxf3 40. b5 $18)) 33... Nf6 34. Bc4 {'?!' Hecht.} (34. Bf1
$142 {Hecht}) 34... h3 35. Be6 {'?' Hecht.} (35. Bf1 {Hecht} Kh4 36. g5 Nh7 37.
g6 Ng5+ 38. Ke3 Ne6 39. Kf3 $11) {[%tqu "En","Black is pawn down, but his
passed pawn h3 yields him more than sufficient compenstation. Can you find a
winning combination for Black?","Try to deflect the white king.","Bring your
knight into action!","f6e4","The decisive blow. Now White is defenseless.",5]}
35... Nxe4 $1 {[%cal Ge4g3,Gh3h1] '-+!' Hecht.} 36. Bc8 (36. Kxe4 {fails to} h2
) {[%tqu "En","How would you conclude the game?","Try to support further
movement of your passed pawn.","Your knight is perfectly placed - improve the
position of your king!","g5h4","It is very simple and very neat.",4]} 36... Kh4
$1 {[%csl Ge4][%cal Gh4g3,Ge4g5] White cannot prevent promotion of Black's
passed pawn, as there is no defense against 38...Ng5+.} 37. Bxb7 Ng5+ {[%cal
Ge5e4,Gh3h1]} (37... Ng5+ {, and White resigned, as after} 38. Ke3 h2 39. Bxc6
e4 $1 {he cannot prevent the h-pawn's promotion.}) 0-1